Projektové financovanie - jeden zo spôsobov financovania investične náročných podnikateľských činností

Projektové financovanie je produktom komerčných bánk. Podstata projektového financovanie. Je to produkt, ktorý je známy od 2. svetovej vojny, pričom jeho rozvoj datujeme do 70. rokov 20. storočia. Na Slovensku sa začalo projektové financovanie využívať vo väčšom rozsahu posledných päť rokov. V súča...

Ausführliche Beschreibung

Gespeichert in:
Bibliographische Detailangaben
1. Verfasser: Tkáčová, Daniela, 1954-
Format: Buchkapitel
Sprache:Slowakisch
Schlagworte:
Tags: Tag hinzufügen
Keine Tags, Fügen Sie das erste Tag hinzu!

MARC

LEADER 00000naa$a2200000$$$4500
001 0092715
005 20240502072032.5
041 0 |a slo 
044 |a SK 
245 1 0 |a Projektové financovanie - jeden zo spôsobov financovania investične náročných podnikateľských činností  |c Dana Tkáčová 
520 |a Projektové financovanie je produktom komerčných bánk. Podstata projektového financovanie. Je to produkt, ktorý je známy od 2. svetovej vojny, pričom jeho rozvoj datujeme do 70. rokov 20. storočia. Na Slovensku sa začalo projektové financovanie využívať vo väčšom rozsahu posledných päť rokov. V súčasnosti je významným prvkom medzinárodných finančných trhov. 
610 2 0 |a financovanie projektové 
610 2 0 |a banky obchodné 
610 2 0 |a úver 
610 2 0 |a riziko 
610 2 0 |a riziko úverové 
610 2 0 |a Slovensko 
100 1 |a Tkáčová, Daniela, 1954-